000 00561cam a2200205 04500
001 45019
090 _a45019
100 _a19870528d1987 m y0pory5003 ba
101 1 _apor
102 _aPT
200 1 _aA maldicão de Shakespeare
_fMichael Innes
_gtrad. Eduardo Saló
210 9 _aLisboa
_cLivros do Brasil,
_d1987
215 _a204,III,[6]p.
_d16 cm
225 _aVampiro
_v478
304 _aTít. orig. The long farewell
675 _a821.111-312.4"19"
_vBN
_zpor
700 1 _aInnes,
_bMichael,
702 1 _aSaló,
_bEduardo
_4730
801 0 _aPT
_bBN
_gRPC
990 _cLIVROS